Từ điển cơ khí và công trình Anh-Việt

Guardado en:
Detalles Bibliográficos
Autor principal: Cung Kim Tiến
Formato: Desconocido
Lenguaje:English
Publicado: 2003
Materias:
Etiquetas: Agregar Etiqueta
Sin Etiquetas, Sea el primero en etiquetar este registro!
Thư viện lưu trữ: Mạng thư viện Đại học Đà Nẵng
LEADER 00979ca a2200289 4500
001 000032326
003 8407
005 20151022000000.0
008 151002s2003 000 eng
041 |a eng 
082 |a 423  |b CU-T 
100 |a Cung Kim Tiến 
245 |a Từ điển cơ khí và công trình Anh-Việt  |c Cung Kim Tiến 
260 |c 2003 
650 |a Từ điển cơ khí và công trình Anh-Việt, Cung Kim Tiến 
852 |b Đọc  |c TỪ ĐIỂN 
OWN |a LNN 
AVA |a UDN50  |b LNN  |c English  |d 423 CU-T  |e available  |t Error 5001 Not defined in file expand_doc_bib_avail.  |f 1  |g 0  |h N  |i 0  |j AN  |k 1 
999 |a From the UDN01 
AVA |a UDN50  |b LNN  |c English  |d 423 CU-T  |e available  |t Error 5001 Not defined in file expand_doc_bib_avail.  |f 1  |g 0  |h N  |i 0  |j AN  |k 1 
980 |a Mạng thư viện Đại học Đà Nẵng